<?xml version="1.0" encoding="UTF-8"?>
<collection xmlns="http://www.loc.gov/MARC21/slim">
 <record>
  <leader>01377nam a2200241 a 4500</leader>
  <controlfield tag="001">TVCDKTCT5928</controlfield>
  <controlfield tag="003">Thư viện trường Cao đẳng Kỹ thuật Cao Thắng</controlfield>
  <controlfield tag="005">20170524082052.8</controlfield>
  <controlfield tag="008">060824</controlfield>
  <datafield tag="980" ind1="\" ind2="\">
   <subfield code="a">Thư viện Trường CĐ Kỹ Thuật Cao Thắng</subfield>
  </datafield>
  <datafield tag="024" ind1=" " ind2=" ">
   <subfield code="a">RG_1 #1 eb0 i1</subfield>
  </datafield>
  <datafield tag="041" ind1="0" ind2="#">
   <subfield code="a">vie</subfield>
  </datafield>
  <datafield tag="082" ind1="#" ind2="#">
   <subfield code="a">005 / </subfield>
   <subfield code="b">PH550PH-ng</subfield>
  </datafield>
  <datafield tag="100" ind1="1" ind2="#">
   <subfield code="a">Nguyễn Trương Hoàng Mỹ</subfield>
  </datafield>
  <datafield tag="245" ind1="0" ind2="0">
   <subfield code="a">Phương pháp mới học cấp tốc word 2000 / </subfield>
   <subfield code="c">Nguyễn Trương Hoàng Mỹ</subfield>
  </datafield>
  <datafield tag="250" ind1="#" ind2="#">
   <subfield code="a">In lần thứ 1</subfield>
  </datafield>
  <datafield tag="260" ind1="#" ind2="#">
   <subfield code="a">H. : </subfield>
   <subfield code="b">Thống Kê , </subfield>
   <subfield code="c">2002</subfield>
  </datafield>
  <datafield tag="300" ind1="#" ind2="#">
   <subfield code="a">93tr. ; </subfield>
   <subfield code="c">24cm</subfield>
  </datafield>
  <datafield tag="520" ind1="#" ind2="#">
   <subfield code="a">Microsoft Word là chương trình soạn thảo văn bản được sử dụng nhiều nhất hiện nay nhờ tính dễ dùng của nó. Tập sách đưa ra phương pháp mới nhất, nhằm giúp bạn đọc nhanh chóng làm chủ phần mềm này.</subfield>
  </datafield>
  <datafield tag="520" ind1="#" ind2="#">
   <subfield code="a">Tập sách gồm bốn chương, mỗi chương là một chủ đề hòan chỉnh. Có nhiều bài trong mỗi chương, mỗi bài giúp bạn tìm hiểu và áp dụng một kỹ năng nhất định.</subfield>
  </datafield>
  <datafield tag="650" ind1="#" ind2="4">
   <subfield code="a">Word 2000--Phương pháp học</subfield>
  </datafield>
  <datafield tag="721" ind1="#" ind2="#">
   <subfield code="a">Công nghệ thông tin</subfield>
  </datafield>
  <datafield tag="841" ind1="#" ind2="#">
   <subfield code="b">Kho Sách </subfield>
   <subfield code="j">100018330, 100018339, 100023935, 100023951</subfield>
  </datafield>
 </record>
</collection>
